000 00298nam a22001337a 4500
008 170213b xxu||||| |||| 00| 0 eng d
020 _a9780073022635
041 _aeng
080 _24ed
_a61
100 _a4
101 _ashm
245 _aLAW ETHICS FOR MEDICAL CAREERS
_cJUDSON
942 _2udc
_cBK
999 _c5197
_d5197